Geometry Dash Orbs - Statistics

General Stats
  • This quiz has been taken 120 times
    103 since last reset
  • The average score is 9 of 10
Answer Stats
Hint Answer % Correct
Flip gravity Blue orb
100%
Medium bounce Yellow orb
100%
Quickly drop down Black orb
99%
Bounce and flip gravity Green orb
98%
Large bounce Red orb
98%
Tiny bounce Pink orb
94%
Propels the player in a straight line Dash orb
89%
Propels the player in a straight line and flips them at the end Pink dash orb
76%
Trigger an event Toggle orb
55%
Flip gravity and teleport Spider orb
54%
No matching quizzes found
Score Distribution
Percent of People with Each Score
Percentile by Number Answered
Your Score History
You have not taken this quiz since the last reset